[Event "Team men HL 2016"]
[Site "Sochi"]
[Date "2016.05.03"]
[Round "3.7"]
[White "Natacheev, Peter"]
[Black "Yevseev, Denis"]
[Result "1/2-1/2"]
[LiveChessVersion "1.4.4"]
[BlackElo "2526"]
[WhiteElo "2361"]

1. e4 {[%clk 1:30:35]} c6 {[%clk 1:30:51]} 2. d4 {[%clk 1:30:55]} d5
{[%clk 1:31:14]} 3. Nc3 {[%clk 1:31:04]} dxe4 {[%clk 1:31:26]} 4. Nxe4
{[%clk 1:31:28]} Bf5 {[%clk 1:31:45]} 5. Ng3 {[%clk 1:31:53]} Bg6
{[%clk 1:32:08]} 6. h4 {[%clk 1:32:01]} h6 {[%clk 1:32:13]} 7. Nf3
{[%clk 1:32:24]} Nd7 {[%clk 1:31:49]} 8. h5 {[%clk 1:32:34]} Bh7 {[%clk 1:32:12]}
9. Bd3 {[%clk 1:32:59]} Bxd3 {[%clk 1:32:09]} 10. Qxd3 {[%clk 1:33:27]} e6
{[%clk 1:31:41]} 11. Bd2 {[%clk 1:33:42]} Qc7 {[%clk 1:30:41]} 12. O-O-O
{[%clk 1:33:49]} O-O-O {[%clk 1:30:43]} 13. c4 {[%clk 1:32:56]} Ngf6
{[%clk 1:29:56]} 14. Ne4 {[%clk 1:31:45]} c5 {[%clk 1:22:08]} 15. Bc3
{[%clk 1:16:42]} cxd4 {[%clk 0:54:06]} 16. Qxd4 {[%clk 1:15:09]} Be7
{[%clk 0:49:01]} 17. Nxf6 {[%clk 1:11:50]} Bxf6 {[%clk 0:48:30]} 18. Qxa7
{[%clk 1:12:02]} Bxc3 {[%clk 0:47:20]} 19. bxc3 {[%clk 1:11:37]} Nb6
{[%clk 0:40:10]} 20. Rh4 {[%clk 1:02:15]} Rxd1+ {[%clk 0:37:04]} 21. Kxd1
{[%clk 1:02:13]} Rd8+ {[%clk 0:36:19]} 22. Kc2 {[%clk 1:01:41]} Qc5
{[%clk 0:30:14]} 23. Rd4 {[%clk 0:50:12]} Rxd4 {[%clk 0:25:43]} 24. Nxd4
{[%clk 0:42:16]} e5 {[%clk 0:25:32]} 25. Nb5 {[%clk 0:42:21]} Qxf2+
{[%clk 0:24:15]} 26. Kb3 {[%clk 0:42:39]} Qc5 {[%clk 0:23:57]} 27. Kc2
{[%clk 0:42:47]} Qf2+ {[%clk 0:12:18]} 28. Kb3 {[%clk 0:43:11]} Qc5
{[%clk 0:12:28]} 29. Kc2 {[%clk 0:43:40]} Qf2+ {[%clk 0:12:01]} 1/2-1/2

[Event "Team men HL 2016"]
[Site "Sochi"]
[Date "2016.05.03"]
[Round "3.8"]
[White "Shubin, Kirill"]
[Black "Slavin, Alexey"]
[Result "1/2-1/2"]
[LiveChessVersion "1.4.4"]
[BlackElo "2366"]
[WhiteElo "2372"]

1. e4 {[%clk 1:30:51]} e5 {[%clk 1:30:53]} 2. Nf3 {[%clk 1:31:19]} Nc6
{[%clk 1:31:18]} 3. Bb5 {[%clk 1:31:44]} Nge7 {[%clk 1:31:44]} 4. Nc3
{[%clk 1:32:09]} a6 {[%clk 1:24:01]} 5. Ba4 {[%clk 1:32:18]} d6 {[%clk 1:22:15]}
6. a3 {[%clk 1:27:10]} Bd7 {[%clk 1:07:21]} 7. Bb3 {[%clk 1:26:00]} Be6
{[%clk 1:05:40]} 8. Bxe6 {[%clk 1:20:54]} fxe6 {[%clk 1:06:06]} 9. d4
{[%clk 1:20:44]} Nxd4 {[%clk 1:05:02]} 10. Nxd4 {[%clk 1:21:03]} exd4
{[%clk 1:05:27]} 11. Qxd4 {[%clk 1:21:28]} Nc6 {[%clk 1:03:42]} 12. Qd3
{[%clk 1:18:57]} g6 {[%clk 0:57:21]} 13. h4 {[%clk 1:16:00]} Bg7 {[%clk 0:53:25]}
14. Be3 {[%clk 1:14:54]} Qe7 {[%clk 0:51:40]} 15. O-O-O {[%clk 1:12:33]} O-O-O
{[%clk 0:51:26]} 16. Bg5 {[%clk 1:11:30]} Bf6 {[%clk 0:51:29]} 17. f4
{[%clk 1:11:40]} h6 {[%clk 0:49:44]} 18. Bxf6 {[%clk 1:11:53]} Qxf6
{[%clk 0:50:09]} 19. Rdf1 {[%clk 1:11:39]} h5 {[%clk 0:41:58]} 20. g3
{[%clk 1:07:47]} Rh7 {[%clk 0:40:57]} 21. Rd1 {[%clk 1:00:51]} Rhd7
{[%clk 0:40:05]} 22. Rhe1 {[%clk 0:59:56]} d5 {[%clk 0:33:57]} 23. exd5
{[%clk 0:59:46]} exd5 {[%clk 0:34:19]} 24. Na4 {[%clk 0:56:21]} Ne7
{[%clk 0:17:42]} 25. Qb3 {[%clk 0:53:08]} Rd6 {[%clk 0:13:41]} 26. Re5
{[%clk 0:50:33]} b6 {[%clk 0:13:38]} 27. Nc3 {[%clk 0:50:05]} Qf7
{[%clk 0:09:17]} 28. Ne4 {[%clk 0:46:03]} Rc6 {[%clk 0:09:34]} 29. Ng5
{[%clk 0:46:21]} Qf6 {[%clk 0:09:54]} 30. Rde1 {[%clk 0:46:13]} Nf5
{[%clk 0:08:03]} 31. Qd3 {[%clk 0:46:32]} Kb7 {[%clk 0:07:21]} 32. Kb1
{[%clk 0:45:52]} Rcd6 {[%clk 0:07:00]} 33. Re6 {[%clk 0:45:12]} Qg7
{[%clk 0:05:48]} 34. R1e5 {[%clk 0:45:00]} c6 {[%clk 0:04:00]} 35. Qe2
{[%clk 0:41:35]} R8d7 {[%clk 0:04:14]} 36. Rxd6 {[%clk 0:38:48]} Nxd6
{[%clk 0:04:28]} 37. c3 {[%clk 0:38:00]} Nf5 {[%clk 0:04:25]} 38. g4
{[%clk 0:31:56]} hxg4 {[%clk 0:04:26]} 39. Qxg4 {[%clk 0:32:22]} d4
{[%clk 0:04:33]} 40. Ne6 {[%clk 1:00:23]} Qf6 {[%clk 0:30:50]} 41. Nxd4
{[%clk 0:53:48]} Qxh4 {[%clk 0:30:14]} 42. Qxh4 {[%clk 0:53:09]} 1/2-1/2

[Event "Team men HL 2016"]
[Site "Sochi"]
[Date "2016.05.03"]
[Round "3.9"]
[White "Khismatullin, Denis"]
[Black "Alekseenko, Kirill"]
[Result "1-0"]
[LiveChessVersion "1.4.4"]
[BlackElo "2570"]
[WhiteElo "2609"]

1. Nf3 {[%clk 1:30:57]} d5 {[%clk 1:29:41]} 2. g3 {[%clk 1:28:48]} Nf6
{[%clk 1:29:43]} 3. Bg2 {[%clk 1:29:11]} e6 {[%clk 1:29:36]} 4. O-O
{[%clk 1:29:06]} Be7 {[%clk 1:29:50]} 5. c4 {[%clk 1:27:21]} O-O {[%clk 1:28:56]}
6. d4 {[%clk 1:22:10]} dxc4 {[%clk 1:28:50]} 7. Ne5 {[%clk 1:16:55]} Qd6
{[%clk 1:19:32]} 8. Na3 {[%clk 1:08:55]} Nbd7 {[%clk 1:17:39]} 9. Naxc4
{[%clk 1:02:33]} Qa6 {[%clk 1:18:00]} 10. b3 {[%clk 0:59:48]} Nd5
{[%clk 0:59:26]} 11. Bb2 {[%clk 0:55:13]} Rd8 {[%clk 0:52:01]} 12. Qc2
{[%clk 0:51:15]} Nb4 {[%clk 0:41:11]} 13. Qe4 {[%clk 0:32:37]} Rb8
{[%clk 0:36:01]} 14. a3 {[%clk 0:28:25]} Nd5 {[%clk 0:26:24]} 15. Qc2
{[%clk 0:21:39]} N5b6 {[%clk 0:19:18]} 16. a4 {[%clk 0:13:47]} Nd5
{[%clk 0:15:28]} 17. Nd3 {[%clk 0:11:25]} N7f6 {[%clk 0:09:52]} 18. Rfc1
{[%clk 0:05:32]} Nb4 {[%clk 0:07:15]} 19. Nxb4 {[%clk 0:05:54]} Bxb4
{[%clk 0:07:43]} 20. e3 {[%clk 0:05:26]} Nd5 {[%clk 0:05:45]} 21. e4
{[%clk 0:05:16]} Ne7 {[%clk 0:03:15]} 22. Ne5 {[%clk 0:05:27]} Nc6
{[%clk 0:02:56]} 23. Nxc6 {[%clk 0:04:04]} bxc6 {[%clk 0:03:20]} 24. Qxc6
{[%clk 0:04:18]} Ba5 {[%clk 0:00:47]} 25. Qxa6 {[%clk 0:03:28]} Bxa6 26. Bc3
{[%clk 0:03:45]} Bxc3 {[%clk 0:01:27]} 27. Rxc3 {[%clk 0:04:11]} Rxd4
{[%clk 0:01:13]} 28. Rxc7 {[%clk 0:04:35]} Bb7 {[%clk 0:01:40]} 29. Rac1
{[%clk 0:03:31]} g6 {[%clk 0:01:40]} 30. f3 {[%clk 0:02:33]} Rb4 {[%clk 0:01:01]}
31. R1c3 {[%clk 0:02:45]} Rd8 {[%clk 0:01:26]} 32. Bf1 {[%clk 0:02:43]} Rd1
{[%clk 0:00:56]} 33. Kf2 {[%clk 0:02:53]} a6 {[%clk 0:01:21]} 34. Bc4
{[%clk 0:02:47]} Kf8 {[%clk 0:01:24]} 35. Ke3 {[%clk 0:02:56]} Ke8
{[%clk 0:00:45]} 36. Rd3 {[%clk 0:02:17]} 1-0

[Event "Team men HL 2016"]
[Site "Sochi"]
[Date "2016.05.03"]
[Round "3.10"]
[White "Levin, Evgeny A."]
[Black "Bernadskiy, Vitaliy"]
[Result "1/2-1/2"]
[LiveChessVersion "1.4.4"]
[BlackElo "2526"]
[WhiteElo "2510"]

1. d4 {[%clk 1:31:24]} Nf6 {[%clk 1:30:56]} 2. c4 {[%clk 1:31:14]} g6
{[%clk 1:31:22]} 3. Nc3 {[%clk 1:31:39]} d5 {[%clk 1:31:50]} 4. cxd5
{[%clk 1:31:41]} Nxd5 {[%clk 1:32:17]} 5. Bd2 {[%clk 1:32:02]} Bg7
{[%clk 1:32:31]} 6. e4 {[%clk 1:32:09]} Nxc3 {[%clk 1:32:09]} 7. Bxc3
{[%clk 1:32:34]} O-O {[%clk 1:31:53]} 8. Qd2 {[%clk 1:32:35]} c5 {[%clk 1:31:18]}
9. d5 {[%clk 1:32:42]} Nd7 {[%clk 1:30:13]} 10. Nf3 {[%clk 1:32:30]} Bxc3
{[%clk 1:24:17]} 11. Qxc3 {[%clk 1:32:29]} Nf6 {[%clk 1:23:54]} 12. Bd3
{[%clk 1:32:18]} e6 {[%clk 1:20:43]} 13. d6 {[%clk 1:31:44]} b6 {[%clk 1:19:46]}
14. e5 {[%clk 1:19:25]} Nd5 {[%clk 1:18:27]} 15. Qd2 {[%clk 1:12:02]} Kg7
{[%clk 1:09:31]} 16. h4 {[%clk 1:05:51]} h6 {[%clk 1:09:11]} 17. Rh3
{[%clk 1:04:33]} Bb7 {[%clk 0:50:42]} 18. Be4 {[%clk 0:50:29]} f5
{[%clk 0:43:51]} 19. Bd3 {[%clk 0:39:47]} Nb4 {[%clk 0:37:13]} 20. Bc4
{[%clk 0:30:54]} Be4 {[%clk 0:32:40]} 21. Kf1 {[%clk 0:28:02]} Qe8
{[%clk 0:12:59]} 22. a3 {[%clk 0:12:02]} Nc6 {[%clk 0:12:10]} 23. Re1
{[%clk 0:11:40]} Qf7 {[%clk 0:12:06]} 24. Qf4 {[%clk 0:10:04]} Na5
{[%clk 0:05:38]} 25. Ba2 {[%clk 0:09:28]} Rae8 {[%clk 0:04:33]} 26. Rg3
{[%clk 0:08:37]} Kh7 {[%clk 0:04:34]} 27. h5 {[%clk 0:07:27]} Bd3+
{[%clk 0:01:30]} 28. Kg1 {[%clk 0:07:53]} Rg8 {[%clk 0:01:30]} 29. hxg6+
{[%clk 0:05:54]} Rxg6 {[%clk 0:01:58]} 30. b4 {[%clk 0:01:54]} Nb7
{[%clk 0:02:13]} 31. Rxg6 {[%clk 0:00:58]} Qxg6 {[%clk 0:02:39]} 32. Re3
{[%clk 0:00:57]} Bb5 {[%clk 0:02:18]} 33. Nh4 {[%clk 0:00:36]} Qg5
{[%clk 0:02:32]} 34. Qxg5 {[%clk 0:00:41]} hxg5 {[%clk 0:03:00]} 35. Nf3
{[%clk 0:01:04]} Kg6 {[%clk 0:03:19]} 36. Nd2 {[%clk 0:00:39]} Bd7
{[%clk 0:03:30]} 37. g4 {[%clk 0:00:55]} fxg4 {[%clk 0:03:08]} 38. Bb1+
{[%clk 0:01:05]} Kg7 {[%clk 0:03:35]} 39. Ne4 {[%clk 0:00:59]} cxb4
{[%clk 0:04:02]} 40. axb4 {[%clk 0:31:25]} Rc8 {[%clk 0:34:27]} 41. Bd3
{[%clk 0:22:59]} Rc1+ {[%clk 0:34:31]} 42. Kh2 {[%clk 0:21:24]} a5
{[%clk 0:33:11]} 43. bxa5 {[%clk 0:12:38]} bxa5 {[%clk 0:33:33]} 44. Nf6
{[%clk 0:12:12]} Bc6 {[%clk 0:33:18]} 45. Be4 {[%clk 0:12:20]} Nxd6
{[%clk 0:24:36]} 46. Nh5+ {[%clk 0:11:58]} Kh6 {[%clk 0:25:03]} 47. exd6
{[%clk 0:12:17]} Kxh5 {[%clk 0:23:08]} 48. Bxc6 {[%clk 0:12:37]} Rxc6
{[%clk 0:23:36]} 49. Rxe6 {[%clk 0:12:49]} Rc2 {[%clk 0:23:31]} 50. Kg3
{[%clk 0:10:54]} Rd2 {[%clk 0:23:49]} 51. Re5 {[%clk 0:11:06]} a4
{[%clk 0:23:10]} 52. Ra5 {[%clk 0:11:12]} Rd3+ {[%clk 0:22:59]} 53. Kg2
{[%clk 0:11:38]} Rxd6 {[%clk 0:22:34]} 54. Rxa4 {[%clk 0:12:05]} Re6 1/2-1/2

[Event "Team men HL 2016"]
[Site "Sochi"]
[Date "2016.05.03"]
[Round "3.11"]
[White "Yuffa, Daniil"]
[Black "Usmanov, Vasily"]
[Result "1-0"]
[LiveChessVersion "1.4.4"]
[BlackElo "2436"]
[WhiteElo "2503"]

1. c4 {[%clk 1:30:00]} e6 {[%clk 1:30:48]} 2. g3 {[%clk 1:30:07]} d5
{[%clk 1:31:12]} 3. Bg2 {[%clk 1:30:32]} Nf6 {[%clk 1:31:36]} 4. Nf3
{[%clk 1:30:51]} dxc4 {[%clk 1:32:00]} 5. Qa4+ {[%clk 1:29:22]} Bd7
{[%clk 1:31:16]} 6. Qxc4 {[%clk 1:29:29]} c5 {[%clk 1:31:40]} 7. Ne5
{[%clk 1:26:42]} Qc7 {[%clk 1:31:56]} 8. d4 {[%clk 1:17:23]} Nc6 {[%clk 1:13:37]}
9. Nxd7 {[%clk 1:15:19]} Nxd7 {[%clk 1:13:55]} 10. dxc5 {[%clk 1:13:34]} Bxc5
{[%clk 1:12:22]} 11. O-O {[%clk 1:13:01]} O-O {[%clk 1:12:31]} 12. Nc3
{[%clk 1:11:52]} Rac8 {[%clk 1:03:52]} 13. Bf4 {[%clk 1:09:27]} Qa5
{[%clk 1:03:22]} 14. Rfd1 {[%clk 0:57:58]} Nde5 {[%clk 0:56:48]} 15. Qa4
{[%clk 0:56:05]} Qb4 {[%clk 0:37:46]} 16. Qxb4 {[%clk 0:51:38]} Bxb4
{[%clk 0:36:57]} 17. Rac1 {[%clk 0:36:11]} Rfd8 {[%clk 0:19:38]} 18. Bxe5
{[%clk 0:25:56]} Nxe5 {[%clk 0:19:46]} 19. Bxb7 {[%clk 0:26:14]} Rxd1+
{[%clk 0:17:36]} 20. Rxd1 {[%clk 0:26:37]} Rb8 {[%clk 0:18:02]} 21. Be4
{[%clk 0:24:57]} Nc4 {[%clk 0:16:51]} 22. Na4 {[%clk 0:24:50]} Nb6
{[%clk 0:14:55]} 23. Nxb6 {[%clk 0:24:31]} axb6 {[%clk 0:15:23]} 24. Rd7
{[%clk 0:21:35]} Kf8 {[%clk 0:15:39]} 25. Kf1 {[%clk 0:19:21]} g6
{[%clk 0:14:44]} 26. e3 {[%clk 0:18:35]} Be7 {[%clk 0:14:09]} 27. Ke2
{[%clk 0:16:44]} b5 {[%clk 0:14:27]} 28. a3 {[%clk 0:13:41]} Bf6 {[%clk 0:14:46]}
29. Rd2 {[%clk 0:02:57]} Ke7 {[%clk 0:13:19]} 30. Bd3 {[%clk 0:03:22]} Be5
{[%clk 0:09:28]} 31. Kd1 {[%clk 0:03:11]} h5 {[%clk 0:07:39]} 32. Kc2
{[%clk 0:02:26]} Bd6 {[%clk 0:05:26]} 33. b4 {[%clk 0:02:20]} g5 {[%clk 0:04:50]}
34. Kb3 {[%clk 0:02:08]} g4 {[%clk 0:04:34]} 35. f4 {[%clk 0:00:58]} gxf3
{[%clk 0:03:20]} 36. Rf2 {[%clk 0:01:16]} Be5 {[%clk 0:03:03]} 37. Rxf3
{[%clk 0:01:39]} Rc8 {[%clk 0:03:14]} 38. Bxb5 {[%clk 0:02:03]} Rc3+
{[%clk 0:03:41]} 39. Ka4 {[%clk 0:02:08]} Bd4 {[%clk 0:04:07]} 40. Be2
{[%clk 0:31:25]} Bxe3 {[%clk 0:34:04]} 41. b5 {[%clk 0:31:27]} Bd2
{[%clk 0:31:39]} 42. Rxc3 {[%clk 0:30:56]} Bxc3 {[%clk 0:32:07]} 43. b6
{[%clk 0:30:35]} h4 {[%clk 0:32:34]} 44. Kb5 {[%clk 0:30:10]} hxg3
{[%clk 0:32:58]} 45. hxg3 {[%clk 0:30:28]} f5 {[%clk 0:33:09]} 46. a4
{[%clk 0:30:41]} Be5 {[%clk 0:33:29]} 47. a5 {[%clk 0:31:03]} Bxg3
{[%clk 0:33:53]} 48. a6 {[%clk 0:31:28]} 1-0

[Event "Team men HL 2016"]
[Site "Sochi"]
[Date "2016.05.03"]
[Round "3.12"]
[White "Palchun, Grigory"]
[Black "Lugovskoy, Maxim"]
[Result "1/2-1/2"]
[LiveChessVersion "1.4.4"]
[BlackElo "2491"]
[WhiteElo "2320"]

1. d4 {[%clk 1:30:57]} d5 {[%clk 1:30:20]} 2. Nf3 {[%clk 1:31:19]} Nf6
{[%clk 1:30:04]} 3. Bf4 {[%clk 1:31:44]} c5 {[%clk 1:28:09]} 4. e3
{[%clk 1:32:08]} Nc6 {[%clk 1:28:04]} 5. c3 {[%clk 1:29:19]} Qb6 {[%clk 1:27:17]}
6. Qc2 {[%clk 1:25:21]} g6 {[%clk 1:19:12]} 7. Nbd2 {[%clk 1:22:21]} Bf5
{[%clk 1:18:22]} 8. Qb3 {[%clk 1:22:45]} c4 {[%clk 1:17:39]} 9. Qxb6
{[%clk 1:23:10]} axb6 {[%clk 1:18:05]} 10. a3 {[%clk 1:23:38]} b5
{[%clk 1:18:16]} 11. Rc1 {[%clk 1:24:04]} Bg7 {[%clk 1:16:43]} 12. h3
{[%clk 1:19:01]} h5 {[%clk 1:08:44]} 13. Be2 {[%clk 1:18:23]} O-O
{[%clk 1:09:02]} 14. Ne5 {[%clk 1:12:55]} Nd7 {[%clk 0:58:20]} 15. Nxd7
{[%clk 1:12:37]} Bxd7 {[%clk 0:58:43]} 16. Bf3 {[%clk 1:01:13]} e5
{[%clk 0:53:40]} 17. dxe5 {[%clk 1:01:22]} Be6 {[%clk 0:53:32]} 18. Be2
{[%clk 0:56:29]} Nxe5 {[%clk 0:51:00]} 19. Bxe5 {[%clk 0:56:50]} Bxe5
{[%clk 0:51:24]} 20. Nf3 {[%clk 0:57:18]} Bg7 {[%clk 0:47:16]} 21. O-O
{[%clk 0:55:44]} Bd7 {[%clk 0:36:54]} 22. Rfd1 {[%clk 0:55:25]} Bc6
{[%clk 0:36:50]} 23. Nd4 {[%clk 0:55:27]} Rfe8 {[%clk 0:34:53]} 24. Bf3
{[%clk 0:49:49]} Re5 {[%clk 0:28:21]} 25. Rd2 {[%clk 0:48:33]} f5
{[%clk 0:23:00]} 26. Rcd1 {[%clk 0:47:33]} Rd8 {[%clk 0:20:05]} 27. Ne2
{[%clk 0:44:06]} Bh6 {[%clk 0:19:49]} 28. Nf4 {[%clk 0:43:58]} Kg7
{[%clk 0:19:48]} 29. Nxd5 {[%clk 0:38:48]} Bxd5 {[%clk 0:20:12]} 30. Bxd5
{[%clk 0:36:47]} f4 {[%clk 0:15:46]} 31. exf4 {[%clk 0:33:17]} Bxf4
{[%clk 0:16:15]} 32. Rd4 {[%clk 0:33:43]} Bg5 {[%clk 0:15:38]} 33. Kf1
{[%clk 0:32:05]} Re7 {[%clk 0:15:28]} 34. Bf3 {[%clk 0:23:58]} Rxd4
{[%clk 0:15:54]} 35. cxd4 {[%clk 0:24:25]} Bf6 {[%clk 0:12:51]} 36. Rd2
{[%clk 0:24:34]} Rc7 {[%clk 0:03:49]} 37. d5 {[%clk 0:21:26]} Be5
{[%clk 0:03:45]} 38. h4 {[%clk 0:11:12]} Kf6 {[%clk 0:03:59]} 39. Rc2
{[%clk 0:08:54]} Bd6 {[%clk 0:04:21]} 40. Be4 {[%clk 0:37:02]} b4
{[%clk 0:33:51]} 41. axb4 {[%clk 0:36:28]} Bxb4 {[%clk 0:33:20]} 42. Ke2
{[%clk 0:32:35]} b5 {[%clk 0:33:10]} 43. f4 {[%clk 0:32:21]} Bd6 {[%clk 0:24:34]}
44. Kf3 {[%clk 0:28:46]} b4 {[%clk 0:23:14]} 45. g3 {[%clk 0:27:29]} c3
{[%clk 0:22:08]} 46. b3 {[%clk 0:27:24]} Ra7 {[%clk 0:21:05]} 47. Bd3
{[%clk 0:26:27]} Bc5 {[%clk 0:20:31]} 1/2-1/2

[Event "Team men HL 2016"]
[Site "Sochi"]
[Date "2016.05.03"]
[Round "3.13"]
[White "Demidov, Mikhail"]
[Black "Nikolenko, Oleg"]
[Result "1-0"]
[LiveChessVersion "1.4.4"]
[BlackElo "2505"]
[WhiteElo "2506"]

1. d4 {[%clk 1:30:44]} Nf6 {[%clk 1:30:50]} 2. Nf3 {[%clk 1:31:05]} g6
{[%clk 1:31:03]} 3. g3 {[%clk 1:31:26]} Bg7 {[%clk 1:31:18]} 4. Bg2
{[%clk 1:31:51]} d5 {[%clk 1:31:00]} 5. O-O {[%clk 1:32:09]} O-O {[%clk 1:31:11]}
6. c3 {[%clk 1:28:57]} c6 {[%clk 1:29:29]} 7. Nbd2 {[%clk 1:27:22]} Bf5
{[%clk 1:23:52]} 8. Nh4 {[%clk 1:26:53]} Be6 {[%clk 1:23:08]} 9. f4
{[%clk 1:23:56]} Qc8 {[%clk 1:22:03]} 10. e4 {[%clk 1:21:15]} Nxe4
{[%clk 1:20:19]} 11. Nxe4 {[%clk 1:18:30]} dxe4 {[%clk 1:21:12]} 12. Bxe4
{[%clk 1:18:56]} Bd5 {[%clk 1:19:55]} 13. Bxd5 {[%clk 1:18:28]} cxd5
{[%clk 1:20:19]} 14. f5 {[%clk 1:18:40]} Nc6 {[%clk 1:18:39]} 15. Bg5
{[%clk 1:16:35]} Qd7 {[%clk 1:16:34]} 16. Qd2 {[%clk 1:12:12]} f6
{[%clk 1:12:39]} 17. Bh6 {[%clk 1:06:17]} g5 {[%clk 1:08:21]} 18. Bxg7
{[%clk 1:06:02]} Kxg7 {[%clk 1:08:46]} 19. Ng2 {[%clk 1:06:28]} b5
{[%clk 1:08:05]} 20. Ne1 {[%clk 1:05:12]} b4 {[%clk 0:55:33]} 21. cxb4
{[%clk 1:00:34]} Rfb8 {[%clk 0:52:40]} 22. Nd3 {[%clk 0:59:24]} Qd6
{[%clk 0:52:22]} 23. Nc5 {[%clk 0:55:41]} Rxb4 {[%clk 0:50:08]} 24. Ne6+
{[%clk 0:55:24]} Kh8 {[%clk 0:49:07]} 25. Rac1 {[%clk 0:55:31]} Rab8
{[%clk 0:47:50]} 26. b3 {[%clk 0:55:00]} a5 {[%clk 0:43:53]} 27. Rf3
{[%clk 0:52:12]} Nd8 {[%clk 0:39:55]} 28. Nc5 {[%clk 0:50:44]} Nc6
{[%clk 0:39:00]} 29. Rd3 {[%clk 0:50:19]} Rc8 {[%clk 0:36:01]} 30. Ne6
{[%clk 0:48:55]} Rcb8 {[%clk 0:31:07]} 31. Rdc3 {[%clk 0:48:21]} R4b6
{[%clk 0:26:29]} 32. Kg2 {[%clk 0:39:34]} h6 {[%clk 0:21:23]} 33. Qe2
{[%clk 0:38:38]} Rg8 {[%clk 0:02:53]} 34. Qh5 {[%clk 0:38:57]} Kh7
{[%clk 0:03:08]} 35. Qf7+ {[%clk 0:39:23]} Kh8 {[%clk 0:03:33]} 36. Nf8
{[%clk 0:39:41]} 1-0

[Event "Team men HL 2016"]
[Site "Sochi"]
[Date "2016.05.03"]
[Round "3.14"]
[White "Sychev, Klementy"]
[Black "Oganian, Miran"]
[Result "1-0"]
[LiveChessVersion "1.4.4"]
[BlackElo "2445"]
[WhiteElo "2419"]

1. d4 {[%clk 1:30:56]} Nf6 {[%clk 1:30:49]} 2. c4 {[%clk 1:31:20]} c5
{[%clk 1:30:50]} 3. d5 {[%clk 1:31:43]} e6 {[%clk 1:30:58]} 4. Nc3
{[%clk 1:32:06]} exd5 {[%clk 1:30:59]} 5. cxd5 {[%clk 1:32:28]} d6
{[%clk 1:31:17]} 6. e4 {[%clk 1:32:23]} g6 {[%clk 1:31:20]} 7. f4
{[%clk 1:32:46]} Bg7 {[%clk 1:31:17]} 8. Bb5+ {[%clk 1:33:07]} Nfd7
{[%clk 1:31:37]} 9. Nf3 {[%clk 1:33:10]} O-O {[%clk 1:31:28]} 10. O-O
{[%clk 1:33:34]} a6 {[%clk 1:28:12]} 11. Bd3 {[%clk 1:32:57]} b5 {[%clk 1:23:41]}
12. a3 {[%clk 1:32:34]} Re8 {[%clk 1:13:12]} 13. Kh1 {[%clk 1:27:07]} Nf6
{[%clk 1:09:16]} 14. f5 {[%clk 1:16:17]} Nbd7 {[%clk 0:59:11]} 15. Bg5
{[%clk 1:11:48]} Qc7 {[%clk 0:58:48]} 16. Rc1 {[%clk 1:03:23]} Bb7
{[%clk 0:56:36]} 17. Qd2 {[%clk 1:01:23]} c4 {[%clk 0:53:49]} 18. Bc2
{[%clk 0:59:43]} Nc5 {[%clk 0:53:35]} 19. Qf4 {[%clk 0:53:59]} Nfd7
{[%clk 0:32:41]} 20. Qh4 {[%clk 0:44:46]} f6 {[%clk 0:25:15]} 21. fxg6
{[%clk 0:44:35]} hxg6 {[%clk 0:25:22]} 22. Bd2 {[%clk 0:32:23]} Ne5
{[%clk 0:23:57]} 23. Nxe5 {[%clk 0:26:25]} dxe5 {[%clk 0:20:18]} 24. Rf3
{[%clk 0:26:17]} Nd7 {[%clk 0:12:17]} 25. Rcf1 {[%clk 0:26:21]} Qd6
{[%clk 0:12:13]} 26. Nd1 {[%clk 0:22:20]} a5 {[%clk 0:04:32]} 27. Ne3
{[%clk 0:20:10]} Kf7 {[%clk 0:04:47]} 28. Rg3 {[%clk 0:08:51]} Rh8
{[%clk 0:03:21]} 29. Qg4 {[%clk 0:09:18]} Nf8 {[%clk 0:03:27]} 30. a4
{[%clk 0:08:59]} Bc8 {[%clk 0:01:48]} 31. Qe2 {[%clk 0:09:12]} Bd7
{[%clk 0:01:10]} 32. axb5 {[%clk 0:09:29]} Bxb5 {[%clk 0:01:30]} 33. Nxc4
{[%clk 0:09:42]} Bxc4 {[%clk 0:01:28]} 34. Qxc4 {[%clk 0:10:08]} Nd7
{[%clk 0:01:51]} 35. Qc6 {[%clk 0:07:57]} Qxc6 {[%clk 0:01:25]} 36. dxc6
{[%clk 0:08:26]} Nc5 {[%clk 0:01:38]} 37. b4 {[%clk 0:04:22]} axb4
{[%clk 0:02:01]} 38. Bxb4 {[%clk 0:04:50]} Ne6 {[%clk 0:00:39]} 39. Bb3
{[%clk 0:04:56]} Bh6 {[%clk 0:00:51]} 40. Rd3 {[%clk 0:31:42]} Rhd8
{[%clk 0:30:57]} 41. Rxd8 {[%clk 0:28:00]} Rxd8 {[%clk 0:31:08]} 42. c7
{[%clk 0:21:10]} Rc8 {[%clk 0:31:30]} 43. Bd6 {[%clk 0:21:26]} Be3
{[%clk 0:27:04]} 44. Bxe5 {[%clk 0:20:59]} 1-0

[Event "Team men HL 2016"]
[Site "Sochi"]
[Date "2016.05.03"]
[Round "3.15"]
[White "Utnasunov, Alexander"]
[Black "Ulko, Jaroslav"]
[Result "1/2-1/2"]
[LiveChessVersion "1.4.4"]
[BlackElo "2441"]
[WhiteElo "2423"]

1. d4 {[%clk 1:30:58]} Nf6 {[%clk 1:30:44]} 2. c4 {[%clk 1:31:14]} e6
{[%clk 1:30:51]} 3. Nc3 {[%clk 1:31:35]} Bb4 {[%clk 1:31:13]} 4. f3
{[%clk 1:31:58]} c5 {[%clk 1:31:14]} 5. d5 {[%clk 1:32:23]} d6 {[%clk 1:31:27]}
6. e4 {[%clk 1:32:47]} O-O {[%clk 1:31:41]} 7. Nge2 {[%clk 1:32:00]} a6
{[%clk 1:31:28]} 8. a3 {[%clk 1:21:31]} Ba5 {[%clk 1:30:08]} 9. Rb1
{[%clk 1:21:31]} exd5 {[%clk 1:27:57]} 10. cxd5 {[%clk 1:09:24]} b5
{[%clk 0:57:09]} 11. b4 {[%clk 1:03:44]} Bb6 {[%clk 0:55:04]} 12. Be3
{[%clk 0:58:17]} Nbd7 {[%clk 0:54:06]} 13. Qd2 {[%clk 0:56:19]} Nh5
{[%clk 0:41:44]} 14. Ng3 {[%clk 0:49:22]} cxb4 {[%clk 0:37:43]} 15. Bxb6
{[%clk 0:29:08]} bxc3 {[%clk 0:34:22]} 16. Qxc3 {[%clk 0:28:30]} Nxb6
{[%clk 0:30:58]} 17. Nxh5 {[%clk 0:26:01]} Qh4+ {[%clk 0:30:35]} 18. Ng3
{[%clk 0:26:28]} f5 {[%clk 0:29:33]} 19. Qc6 {[%clk 0:14:59]} f4 {[%clk 0:28:45]}
20. Qxb6 {[%clk 0:14:59]} fxg3 {[%clk 0:29:09]} 21. Be2 {[%clk 0:13:11]} gxh2+
{[%clk 0:11:20]} 22. Qf2 {[%clk 0:13:18]} Qf6 {[%clk 0:11:46]} 23. Rc1
{[%clk 0:05:55]} Bd7 {[%clk 0:11:32]} 24. Rxh2 {[%clk 0:05:10]} Rac8
{[%clk 0:11:52]} 25. Rxc8 {[%clk 0:04:00]} Rxc8 {[%clk 0:12:17]} 26. Qh4
{[%clk 0:04:02]} Qc3+ {[%clk 0:02:27]} 27. Kf2 {[%clk 0:04:08]} Qd4+
{[%clk 0:02:52]} 28. Kg3 {[%clk 0:04:09]} Qe5+ {[%clk 0:03:18]} 29. Qf4
{[%clk 0:04:29]} Qa1 {[%clk 0:02:09]} 30. Qxd6 {[%clk 0:03:13]} Qe1+
{[%clk 0:02:28]} 31. Kf4 {[%clk 0:03:38]} Rf8+ {[%clk 0:01:10]} 32. Ke3
{[%clk 0:03:55]} Qg1+ {[%clk 0:01:32]} 33. Kd3 {[%clk 0:03:09]} b4
{[%clk 0:01:10]} 34. Qxd7 {[%clk 0:02:14]} Qxh2 {[%clk 0:01:21]} 35. Qe6+
{[%clk 0:02:05]} Kh8 {[%clk 0:01:45]} 36. axb4 {[%clk 0:02:24]} Qxg2
{[%clk 0:01:40]} 37. d6 {[%clk 0:02:19]} Qg1 {[%clk 0:01:07]} 38. Qe7
{[%clk 0:01:51]} Qb1+ {[%clk 0:01:24]} 39. Ke3 {[%clk 0:02:19]} Qg1+
{[%clk 0:01:48]} 40. Kd3 {[%clk 0:32:44]} Qb1+ {[%clk 0:32:14]} 41. Ke3
{[%clk 0:30:35]} Qg1+ {[%clk 0:32:02]} 1/2-1/2